Studies in medieval and Renaissance literature /

Bibliographic Details
Main Author: Lewis, C. S. (Clive Staples), 1898-1963
Other Authors: Hooper, Walter (Editor)
Format: Book
Language:English
Published: Cambridge [England] ; New York : Cambridge University Press, 1979
Subjects:

MARC

Tag First Indicator Second Indicator Subfields
LEADER 00000cam a2200000 a 4500
001 in00000011122
005 20151007052006.0
008 861006c19791966enk b 00110 eng d
010 |z 66012749 
020 |a 052129701X (pbk.) 
035 |a (OCoLC)14347482 
035 |9 AAA5792AM 
040 |a MIU  |c MIU  |d m/c  |d TXA  |d UtOrBLW 
049 |a TXAM  |c [1160017] 
050 4 |a PN681  |b .L4 1979 
100 1 |a Lewis, C. S.  |q (Clive Staples),  |d 1898-1963. 
245 1 0 |a Studies in medieval and Renaissance literature /  |c by C. S. Lewis ; collected by Walter Hooper. 
264 1 |a Cambridge [England] ;  |a New York :  |b Cambridge University Press,  |c 1979 
264 4 |c ©1966 
300 |a x, 195 pages ;  |c 22 cm. 
336 |a text  |b txt  |2 rdacontent 
337 |a unmediated  |b n  |2 rdamedia 
338 |a volume  |b nc  |2 rdacarrier 
504 |a Bibliographical references included in "Additional editorial notes " (pages 182-186). 
650 0 |a Literature, Medieval. 
650 0 |a Literature, Modern  |y 15th and 16th centuries. 
700 1 |a Hooper, Walter,  |e editor. 
999 |a MARS 
999 f f |s 39dd9be8-f162-3536-8ae6-30e61a8b1135  |i 8ca932cd-e90a-3165-bb24-43b154ad97ff  |t 0 
952 f f |p normal  |a Texas A&M University  |b College Station  |c Sterling C. Evans Library  |d Evans: Library Stacks  |t 0  |e PN681 .L4 1979  |h Library of Congress classification  |i unmediated -- volume  |m A14810784792 
998 f f |a PN681 .L4 1979  |t 0  |l Evans: Library Stacks